| 000 | 01065nam0a22002651 4500 | ||
|---|---|---|---|
| 001 | rc\3176602 | ||
| 005 | 20250530090948.0 | ||
| 021 |
_aRU _b[76-46339] |
||
| 035 | _a(NLR Aleph) 007330844 | ||
| 090 |
_a6007836 _c6007836 |
||
| 100 | _a20120615d1976 |||y0rusy50 ca | ||
| 101 | 0 | _arus | |
| 102 | _aRU | ||
| 105 | _ay cj ||||| | ||
| 200 | 1 |
_aМетодические указания к "Учебнику русского языка для 4-го класса" _fК.В. Трембач _gМ-во просвещения Сев.-Осет. АССР |
|
| 210 |
_aОрджоникидзе _cИр _d1976 |
||
| 215 |
_a110 с. _d21 |
||
| 532 | 1 | 3 | _aМетодические указания к Учебнику русского языка для 4-го класса |
| 606 |
_aРусский язык _jМетодические пособия для нерусских школ _2psbo |
||
| 700 | 1 |
_aТрембач _bК.В. _gКлара Викторовна |
|
| 801 | 0 |
_aRU _bNLR _gpsbo |
|
| 801 | 1 |
_aRU _bELAR _2rusmarc |
|
| 852 |
_aNLR _j76-5/4478 |
||
| 942 | _cBOOK | ||
| 980 | _aNB | ||